000
00331nam a2200133Ia 4500
008
150201s2014 xx 000 0 und d
082
_a
615.329
_b
P2013S
100
_a
SHANBHAG ,T.V
245
_a
PHARMACOLOGY FOR DENTAL STUDENTS
250
_a
1ST
260
_b
ELSEVIER PUBLICATION
650
_a
PHARMACOLOGY
942
_2
ddc
_c
BK
_0
51
999
_c
4844
_d
4844